Catholic Vocabulary #1 - Statistics

General Stats
  • This quiz has been taken 98 times
  • The average score is 8 of 20
Answer Stats
Definition Answer % Correct
Rare but severe penalty in which a Church member is excluded from access to the Sacraments and public worship Excommunication
83%
Process by which the College of Cardinals elects a new pope Papal {Conclave}
74%
Change of Eucharistic bread and wine into the true body and true blood of Christ Transubstantiation
70%
Day on which a saint is venerated, usually coinciding with their death {Feast} Day
61%
A free and temporary gift from God which strengthens the intellect and will to do good Grace
56%
Sermon delivered after the Gospel which explains readings and connects them to lives of the congregation Homily
56%
Prudence, Temperance, Justice, and Fortitude - the foundational virtues of Christian morality {Cardinal} Virtues
55%
Anointing oil used in baptism, confirmation, and holy orders {Chrism} Oil
53%
The second set of mysteries in the Rosary, added more recently to reflect the life and teaching of Jesus {Luminous} Mysteries
48%
Highest choir of angels, described as having six wings and praising God at His throne Seraphim
41%
Raised platform in a church from which the Gospel is delivered Pulpit
38%
Evening prayers in the liturgy of the hours, coming from the Latin word for "dusk" Vespers
38%
Tall, ornate headdress worn by bishops for important occasions Mitre
35%
The teaching authority of the Church and its teachings, including Sacred Scripture and Tradition Magisterium
33%
The first Latin Bible, transcribed by Saint Jerome in the late fourth century Vulgate
32%
Letters issued by the pope to bishops on matters of faith, morals, and discipline Encyclical
29%
First sacred linen placed on top of communion chalice, also used to clean it Purificator
20%
Medieval school of thought based on uniting Catholic dogma and Aristotelian rationality Scholasticism
6%
Section between the nave and transept in a traditional church layout Crossing
3%
Greek term meaning "same essence," used in regard to Christ's divine nature compared to God the Father Homoousios
2%
No matching quizzes found
Score Distribution
Percent of People with Each Score
Percentile by Number Answered
Your Score History
You have not taken this quiz